Functional analysis (Record no. 442)

MARC details
000 -LEADER
fixed length control field 00477 a2200169 4500
000 - LEADER
fixed length control field BKB
001 - CONTROL NUMBER
control field 066382
005 - DATE AND TIME OF LATEST TRANSACTION
control field 20200902145644.0
008 - FIXED-LENGTH DATA ELEMENTS--GENERAL INFORMATION
fixed length control field
082 ## - DEWEY DECIMAL CLASSIFICATION NUMBER
Classification number 515.7
Item number R44F
100 1# - MAIN ENTRY--PERSONAL NAME
Personal name Riesz, Frigyes
245 1# - TITLE STATEMENT
Title Functional analysis
Statement of responsibility, etc by Frigyes Riesz and and Bela Szokefalvi-Nagy
260 ## - PUBLICATION, DISTRIBUTION, ETC. (IMPRINT)
Place of publication, distribution, etc New York
Name of publisher, distributor, etc Dover Publication
Date of publication, distribution, etc 2007
300 ## - PHYSICAL DESCRIPTION
Extent 504p.
690 ## - LOCAL SUBJECT ADDED ENTRY--TOPICAL TERM (OCLC, RLIN)
Topical term or geographic name as entry element Functional analysis
700 ## - ADDED ENTRY--PERSONAL NAME
Personal name Szokefalvi-Nagy, Bela
Numeration
Titles and other words associated with a name
Holdings
Withdrawn status Lost status Source of classification or shelving scheme Damaged status Not for loan Collection code Home library Current library Date acquired Source of acquisition Cost, normal purchase price Full call number Barcode Date last seen Price effective from Koha item type
    Dewey Decimal Classification     General Text Book Central University Of Rajasthan Central University Of Rajasthan 07/03/2012 MTH 495.00 515.7 R44F 668 21/11/2024 02/09/2020 Books